| 000 | 00833nam a2200193 i 4500 | ||
|---|---|---|---|
| 001 | 49910 | ||
| 003 | ES-MaACL | ||
| 005 | 20260127062529.0 | ||
| 007 | t| | ||
| 008 | 030725s1919 sp ||||1| spa d | ||
| 100 | 1 |
_aCrehuet del Amo, Diego María. _941475 |
|
| 245 | 1 | 3 |
_aEl combate judicial o Juicio de Dios del duelo en las interpretaciones literarias / _cconferencia por Diego María Crehuet pronunciada en la sesión pública de 13 de marzo de 1918. |
| 260 |
_aMadrid : _b[s.n.], _c1919 ( _fEst. tip. de Jaime Ratés) |
||
| 500 | _aPrecede al tít.: Real Academia de Jurisprudencia y Legislación. | ||
| 700 |
_aReal Academia de Jurisprudencia y Legislación de España _9217612 |
||
| 740 | 0 | _aJuicio de Dios del duelo en las interpretaciones literarias. | |
| 852 |
_aES-MaACL _j1863-F-19 _bR.21487 |
||
| 999 |
_c49910 _d49910 |
||